Tableau des médailles olympiques - Tir à l'arc - Statistiques

Statistiques générales
  • Ce quiz a été pris 44 fois
  • Le résultat moyen est 10 sur 16
Statistiques - réponses
Total Or Argent Bronze Pays % Correct
25 7 11 7 France
100%
43 27 9 7 Corée du Sud
94%
33 14 10 9 États-Unis
94%
9 1 6 2 Chine
91%
7 0 3 4 Japon
91%
4 0 2 2 Allemagne
86%
9 2 3 4 Italie
83%
9 2 2 5 Grande-Bretagne
74%
3 1 0 2 Australie
60%
3 0 1 2 Mexique
51%
3 1 1 1 Pays-Bas
49%
7 1 3 3 Union soviétique
49%
21 11 7 3 Belgique
37%
4 1 1 2 Ukraine
29%
4 1 1 2 Finlande
26%
4 0 2 2 Taiwan
26%
Aucun quiz correspondant
Distribution des résultats
% des personnes avec chaque résultat
Percentile par nombre de réponses
Votre historique - résultats
Vous n’avez pas pris ce quiz